| 000 | 00485nam a22001457a 4500 | ||
|---|---|---|---|
| 020 | _a8479787538 | ||
| 080 | _a352.9 R664 | ||
| 100 | _aRomero, Pedro Asensio | ||
| 245 |
_aEl libro de la Gestion Municipal _bclaves de exito para politicos y directivos locales |
||
| 260 |
_aBuenos Aires _aMexico _aEspaƱa _bDiaz de Santos _c2006 |
||
| 300 | _a198 p. | ||
| 650 |
_xgestion municipal _xderecho municipal _xurbanismo _xmedio ambiente _xobras publicas |
||
| 945 |
_asa _d2014-11-20 |
||
| 999 |
_c2731 _d233235 |
||
| 942 | _6_ | ||